000
00293nam a2200133Ia 4500
100
_a
Smith/ Victor
942
_c
BK
654
_a
Work Study
245
_a
Modern Practice in Work Study
260
_b
Machinery Publication & co
_c
2001
082
_a
658.5
300
_a
96
546
_a
ENGLISH
999
_c
30120
_d
30120